| 000 | 00963nam a22003017a 4500 | ||
|---|---|---|---|
| 003 | CHAP | ||
| 005 | 20220329134248.0 | ||
| 008 | 971013s1944 r 00010 d | ||
| 010 | _a17781 | ||
| 011 | _a18753 | ||
| 035 | _a22838 | ||
| 040 | _cCHAP | ||
| 082 |
_a338.176 _bJ6 |
||
| 100 | 0 | 0 |
_aJordán, Edna M. _962111 |
| 245 | _aLivestock meats, and wool market statistics and related data, 1943 | ||
| 260 |
_aWashington : _bDepartament of Agriculture, War Food Administration, _c1944 |
||
| 300 | _a104 p | ||
| 590 |
_aBATCH-UPD _b10 _c20130110 _lUCH01 _h2117 |
||
| 590 |
_aBATCH-UPD _b10 _c20130410 _lUCH01 _h1427 |
||
| 590 |
_aBATCH-UPD _b10 _c20130914 _lUCH01 _h0846 |
||
| 590 |
_aCONVERSION _b10 _c20130109 _lUCH01 _h1311 |
||
| 650 | 1 | 4 |
_aCarne _xMercadeo _xE.U.A. _919095 |
| 650 | 1 | 4 |
_aGanado _xMercadeo _xE.U.A. _944932 |
| 650 | 1 | 4 |
_aLana _xMercadeo _xE.U.A. _964614 |
| 901 | _aBK | ||
| 942 | _cLIBRO | ||
| 949 |
_a338.176 J6 _bBC _cBPA _d-53301 _eBPA _h5860 _i22838 _si |
||
| 999 |
_c17781 _d17781 |
||